LEADER 00760nam0-22002891i-450- 001 990001683760403321 005 20051012143628.0 035 $a000168376 035 $aFED01000168376 035 $a(Aleph)000168376FED01 035 $a000168376 100 $a20030910d1856----km-y0itay50------ba 101 0 $afre 200 1 $aManuel de drainage$fLamairesse 205 $a3e ed. 210 $aParis$cSchultz et Truillier$d1856 215 $a296 p., 7 tav.$d16 cm 610 0 $aDrenaggio 676 $a631.6 700 1$aLamairesse,$bPierre Eugene$072566 801 0$aIT$bUNINA$gRICA$2UNIMARC 901 $aBK 912 $a990001683760403321 952 $a60 631.6 C 1$b1116$fFAGBC 959 $aFAGBC 996 $aManuel de drainage$9371764 997 $aUNINA LEADER 02799nam 2200433 450 001 9910793725703321 010 $a1-78969-151-6 035 $a(CKB)4100000008952907 035 $a(MiAaPQ)EBC5845593 035 $a(EXLCZ)994100000008952907 100 $a20190208d2018 uy| 0 101 0 $aeng 135 $aurcnu|||||||| 181 $2rdacontent 182 $2rdamedia 183 $2rdacarrier 200 00$aRecommendations for best practices in data acquisition methods for natural and cultural heritage management of Moroccan coastal wetlands $erecommandations pour les bonnes pratiques en matie?re de me?thodes d'acquisition de donne?es pour la gestion du patrimoine naturel et culturel des zones humides co?tie?res Marocaines /$fAthena Trakadas, Nadia Mhammdi, editors/e?diteurs 210 1$aOxford :$cArchaeopress Publishing Ltd,$d[2018] 215 $a1 online resource (102 pages) $ccolor illustrations 311 $a1-78969-150-8 320 $aIncludes bibliographical references. 330 8 $aAs part of the CBDAMM Project (Capacity Building of Data Acquisition Methods with a view to promoting natural and cultural heritage management practices in Morocco), a set of recommendations for the processes of acquiring data in marine environments and coastal wetlands has been established for Moroccan stakeholders. 0'Recommendations for best practices in data acquisition methods for natural and cultural heritage management of Moroccan coastal wetlands' aims to outline the functional procedures for conducting scientific coastal marine surveys in the Moroccan context. It outlines the requirements, methods, and practices of the four scientific fields that rely on shared data from such surveys: hydrography, marine geology, marine biology and toxicology, and maritime archaeology and heritage management. The content is derived from workshops, study visits, and fieldwork surveys carried out during the CBDAMM Project, utilising the specific case-study of the Oued Bouregreg, a tidal river and wetland that runs between the urban centres of Rabat and Sale?, on the Atlantic coast of Morocco. 606 $aWetland conservation$zMorocco 606 $aCoastal zone management$zMorocco 606 $aWetland surveys$zMorocco 615 0$aWetland conservation 615 0$aCoastal zone management 615 0$aWetland surveys 676 $a333.918160964 700 $aTrakadas$b Athena$0603608 702 $aTrakadas$b Athena 702 $aMhammdi$b Nadia 801 0$bMiAaPQ 801 1$bMiAaPQ 801 2$bMiAaPQ 906 $aBOOK 912 $a9910793725703321 996 $aRecommendations for best practices in data acquisition methods for natural and cultural heritage management of Moroccan coastal wetlands$93860430 997 $aUNINA LEADER 02680nam0 22005293i 450 001 LO10519160 005 20251003044211.0 010 $a8815073418 100 $a20001019d2000 ||||0itac50 ba 101 | $aita 102 $ait 181 1$6z01$ai $bxxxe 182 1$6z01$an 200 1 $aˆLa ‰tariffa$fVincenzo Costa 210 $aBologna$cIl mulino$d[2000] 215 $aXVIII, 92 p.$d21 cm. 225 | $aIntersezioni$v203 410 0$1001CFI0000400$12001 $aIntersezioni$v203 606 $aCosta, Vincenzo$xMemorie$x1945-1949$2FIR$3LO1C305359$9I 606 $aFascisti$xItalia$x1945-1949$xDiari e memorie$2FIR$3LO1C305362$9I 676 $a320.533092$9IDEOLOGIE POLITICHE. FASCISMO. PERSONE LEGATE AL SOGGETTO$v20 676 $a320.533092$9FASCISMO. Persone$v21 676 $a945.091092$9STORIA. ITALIA. REGNO DI VITTORIO EMANUELE III, 1900-1946. Persone$v21 676 $a945.0916$9STORIA D'ITALIA. PERIODO DELLA RESISTENZA ARMATA E DELLA FINE DEL REGNO, 1943-1946$v20 676 $a945.0924$9STORIA. ITALIA, 1946-1949$v21 676 $a945.0924092$9STORIA D'ITALIA, 1946-1949. BIOGRAFIE$v20 676 $a945.0924092$9STORIA. ITALIA, 1946-1949. Persone$v21 676 $a945.09240924$9STORIA D'ITALIA. 1946-1949. PERSONE COLLEGATE CON IL SOGGETTO$v19 686 $aIT/3420.1$cPRIMO DOPOGUERRA ITALIA 1945-1948$2R 686 $aIT/3423.6$cCARCERI ITALIA 1945-1968$2R 686 $aIT/3423.7$cEPURAZIONE PROCESSI AI FASCISTI ITALIA 1945-1968$2R 686 $aLOM/25.2/MI$cPOLITICA E CULTURA LOMBARDIA 1939-1945 MILANO$2R 686 $aLOM/35.3/MI$cECONOMIA E SOCIETA LOMBARDIA 1945-1968 MILANO$2R 686 $aX0.2$cMEMORIE E SCRITTI$2R 696 $aMemoriali 696 $aMemorie$aDiari 699 $aMemorie$yMemoriali 699 $aDiari e memorie$xMemorie$xDiari 700 1$aCosta$b, Vincenzo$f <1900-1974>$3CFIV162849$4070$0437550 801 3$aIT$bIT-000000$c20001019 850 $aIT-BN0095 901 $bNAP 01$cPOZZO LIB.$nVi sono collocati fondi di economia, periodici di ingegneria e scienze, periodici di economia e statistica e altri fondi comprendenti documenti di economia pervenuti in dono. 912 $aLO10519160 950 0$aBiblioteca Centralizzata di Ateneo$c1 v. in due copie$d 01POZZO LIB.ECON MON 3876$e 01C 0080014215E VMA 1 v. (Precedente collocazione DP (EC) 1421)$fB $h20130408$i20130408$c1 v. in due copie$d 01POZZO LIB.ECON MON 3876$e 01C 0080015105E VMA (bis 1 v. (2. copia; Precedente collocazione DP (EC) 1510)$fB $h20130212$i20130212 977 $a 01 996 $aTariffa$964135 997 $aUNISANNIO LEADER 01874oam 2200493zu 450 001 9910872774903321 005 20241212214825.0 035 $a(CKB)111026746705906 035 $a(SSID)ssj0000451010 035 $a(PQKBManifestationID)12176415 035 $a(PQKBTitleCode)TC0000451010 035 $a(PQKBWorkID)10459422 035 $a(PQKB)11492148 035 $a(EXLCZ)99111026746705906 100 $a20160829d1992 uy 101 0 $aeng 181 $ctxt 182 $cc 183 $acr 200 10$a1992 IEEE International Conference on Selected Topics in Wireless Communications : conference proceedings, June 25-26, 1992, Vancouver, B.C., Canada 210 31$a[Place of publication not identified]$cIEEE$d1992 300 $aBibliographic Level Mode of Issuance: Monograph 311 08$a9780780307230 311 08$a0780307232 606 $aWireless communication systems$vCongresses 606 $aElectrical & Computer Engineering$2HILCC 606 $aEngineering & Applied Sciences$2HILCC 606 $aTelecommunications$2HILCC 615 0$aWireless communication systems 615 7$aElectrical & Computer Engineering 615 7$aEngineering & Applied Sciences 615 7$aTelecommunications 676 $a621.3845 702 $aBhargava$b Vijay K 702 $aCallendar$b Michael 702 $aToms$b Norman 712 02$aInstitute of Electrical and Electronics Engineers Canadian Region. 712 02$aInstitute of Electrical and Electronics Engineers Vancouver Section. 712 12$aIEEE International Conference on Selected Topics in Wireless Communications 801 0$bPQKB 906 $aBOOK 912 $a9910872774903321 996 $a1992 IEEE International Conference on Selected Topics in Wireless Communications : conference proceedings, June 25-26, 1992, Vancouver, B.C., Canada$92524558 997 $aUNINA